History Quiz

Random History or Discovery Quiz
Score 0/30 Timer 10:00
4 Plays Today
% Correct
AUSTRIA
87.2%
RASPUTIN
85.9%
TAMPONS
85%
CLEOPATRA
84.1%
INDUSTRIAL
FERTILIZER
82.7%
SOCIALISM
82.1%
SLOVENIA
81.5%
MARIE
ANTOINETTE
81.3%
ALIENATION
80.8%
KENNEDY
80.5%
LINCOLN
78.4%
ANNE BOLEYN
78.2%
LITHUANIA
77.8%
SINGAPORE
77.6%
JEFFERSON
77.4%
% Correct
BOURGEOISIE
77%
ELIZABETH I
75.9%
TIMOR LESTE
75.1%
DUCT TAPE
74.7%
PROLETARIAT
73%
HEGEMONY
70%
BRIGHAM YOUNG
67.3%
REAGAN
66.7%
RUTHERFORD
B. HAYES
66.1%
JACKSON
63.7%
MARY, QUEEN
OF SCOTS
63.1%
SILLY PUTTY
62%
A.G. BELL
61.1%
FRIEDRICH ENGELS
60.7%
SUPER GLUE
55.3%
Remove Ads.
Support Sporcle.
Get the best of Sporcle when you Go Orange. This ad-free experience offers more features, more stats, and more fun while also helping to support Sporcle. Thank you for becoming a member.

You're not logged in!

Compare scores with friends on all Sporcle quizzes.
OR
Log In

Show Comments

Extras

Top Quizzes Today


Score Distribution

Your Account Isn't Verified!

In order to create a playlist on Sporcle, you need to verify the email address you used during registration. Go to your Sporcle Settings to finish the process.

Report this User

Report this user for behavior that violates our Community Guidelines.

Details: